000 00288nam a2200097Ia 4500
082 _a591.57 BAM
245 0 _aMasquerade : the story of my life
100 _a JACOBS, Rayda Roggebaai [South Africa], 2008 1st ed
_978102
942 _cBK
008 210817s9999 xx 000 0 und d
999 _c269220
_d269219